Girls' Names in Top 1000-M (2023) - Statistics

General Stats
  • This quiz has been taken 290 times
  • The average score is 58 of 101
Answer Stats
Answer % Correct
Maria
91%
Mary
91%
Maddie
90%
Mae
87%
Mia
86%
Molly
86%
Madalyn
85%
Madeleine
85%
Madeline
85%
Madelyn
85%
Madelynn
85%
Madilyn
85%
Madilynn
85%
Millie
85%
Maddison
81%
Madison
81%
Mira
81%
Myra
81%
Maia
79%
Maya
79%
Melissa
79%
Mila
79%
Mya
79%
Myla
79%
Mylah
79%
Margaret
77%
Melanie
75%
Melany
75%
Makayla
74%
Michaela
74%
Mikaela
74%
Mikayla
74%
Marie
73%
Maggie
70%
Maisie
67%
Maisy
67%
Mazie
67%
Mariana
66%
Marianna
66%
Michelle
66%
Maci
64%
Macie
64%
Macy
64%
Mackenzie
63%
Makenzie
63%
Mckenzie
63%
Martha
62%
Mina
62%
Mabel
61%
Megan
61%
Melody
59%
Maren
58%
Mariam
56%
Maryam
56%
Miriam
56%
Margo
55%
Margot
55%
Marlee
55%
Marleigh
55%
Marley
55%
Malaya
54%
Malayah
54%
Malia
54%
Maliyah
54%
Maeve
53%
Matilda
53%
Morgan
53%
Mara
52%
Miranda
51%
Marina
50%
Maxine
49%
Monica
49%
Meredith
48%
Makenna
46%
Mallory
46%
Mckenna
46%
Melina
40%
Milena
40%
Mariah
39%
Marilyn
39%
Mavis
38%
Milan
36%
Miley
34%
Mercy
27%
Marlowe
25%
Malani
23%
Mckinley
23%
Meilani
23%
Milani
23%
Magdalena
21%
Magnolia
21%
Meadow
21%
Marisol
19%
Milana
19%
Miracle
18%
Malaysia
14%
Murphy
14%
Marigold
13%
Miller
9%
Monroe
9%
Marceline
7%
No matching quizzes found
Score Distribution
Percent of People with Each Score
Percentile by Number Answered
Your Score History
You have not taken this quiz